| 000 | 02684nam a22004211i 4500 | ||
|---|---|---|---|
| 001 | 194060 | ||
| 003 | SpMaBN | ||
| 005 | 20250708195832.0 | ||
| 008 | 240405s2023 sp | |||| 000 f spa | ||
| 015 | _aMON23 | ||
| 017 |
_aM 23025-2023 _bOficina Depósito Legal Madrid |
||
| 020 | _a9788413846606 | ||
| 040 |
_aSpMaBN _bspa _cSpMaBN _erda _dES-MaACL |
||
| 080 | _a821.134.2-31"19" | ||
| 100 | 1 |
_aMéndez Jiménez, Pilar, _d1973- _9175711 _eaut |
|
| 245 | 1 | 3 |
_aUn jardín en el mar / _cPilar Méndez Jiménez. |
| 246 | 0 |
_iSubtítulo de la cubierta : _aManila y Madrid, dos mundos que se alejan, unidos por un lazo invisible de mujeres en busca de su libertad |
|
| 250 | _aPrimera edición: octubre de 2023 | ||
| 264 | 1 |
_aMadrid : _bLa Esfera de los Libros, _c[2023] |
|
| 264 | 4 | _c©2023 | |
| 300 |
_a455 páginas ; _c24 cm |
||
| 336 |
_aTexto _2rdacontent |
||
| 337 |
_asin mediación _2rdamedia |
||
| 338 |
_avolumen _2rdacarrier |
||
| 490 | 1 | _aNovela histórica | |
| 504 | _aBibliografía: páginas 451-455 | ||
| 520 | _a¿Puede la lealtad redimir el deseo de justicia? En el ocaso del imperio español, cuando Manila y Madrid pa- recen estar más lejos que nunca, tres mujeres unidas por los lazos del destino buscan un nuevo propósito para sus vidas. Elba, tras quedar viuda con su única hija en una pequeña aldea de Galicia, recibe una carta que la obligará a viajar a la capital es- pañola. Mientras tanto, Johanna, una joven aristócrata holandesa que reside en Manila, se encuentra con un hombre misterioso que parece haber perdido los recuerdos de su vida pasada. En medio de todo esto, Rosario, la primera mujer masona de las islas Filipinas, se convertirá en el puente entre ambos mundos, aleja- dos por el vasto oceano. Embárcate junto a ellas en este cruce de caminos lleno de mis- terio, romance y traición, y conoce los secretos que se ocultan tras la vesica piscis. | ||
| 650 | 4 |
_915636 _aNovela española- _yS.XX |
|
| 655 | 7 |
_aNovelas de costumbres _2tgfbne _9235110 |
|
| 830 |
_9234263 _aNovela histórica (La Esfera de los Libros) |
||
| 852 |
_aES-MaACL _bR155117 _cDEPOJ _jN-9856 _xEncuadernación rústica con solapas _gDedicatoria autógrafa de la autora _hDonación: Pilar Méndez Jiménez _9201804 |
||
| 903 |
_9175711 _aMéndez Jiménez, Pilar, _d1973- _ednr |
||
| 942 |
_cMONOGRAFIA _n0 |
||
| 999 |
_c194060 _d194060 |
||